000 00308nam a22001097a 4500
008 140218t xxu||||| |||| 00| 0 eng d
020 _a0-939791-71-4
110 _aTeachers of English to speakers of other languages, Inc.
_9744
245 _aESL Standards for pre-k-12 students
300 _a166
942 _2ddc
_cBK
999 _c17001
_d17001